00868nam a2200205 a 4500001001300000003000900013005001700022008004100039020001800080040003300098082002800131100003300159245011100192260005000303300002000353490003600373655012400409655009200533830003700625000000424404IT-MiSPE20180506133119.0160530s2016 it 000 u ita d a9788821598630 aIT-MiSPEbitadlcocIT-MiSPE a248.4-RON er nu (23123)1 aRonchi, Ermes Maria,co.s.m.13aLe nude domande del Vangelo : bmeditazioni proposte a papa Francesco e alla Curia romana /cErmes Ronchi. aCinisello Balsamo (MI) :bSan Paolo,c©2016. a200 p. ;c21 cm1 aDimensioni dello spirito ;v322 7aSpiritualità. Vita spirituale. Ostacoli. Virtù. MezzixEsercizi spirituali non ignaziani - Ritiri (italiano)2local 7aSpiritualità. Generalità. Storia anteriore al 1600xBibbia e spiritualità.2local 0aDimensioni dello spirito ;v322.